000 00640nam a22002177a 4500
003 UA-OsUOA
001 96412
007 ta
008 20130319b un ||||| |||| 00| 0 ukr d
100 _aКульпінський С.В.
090 _a330(477)
_bК90
942 _cSA
040 _aUA-OsUOA
_bukr
_cUA-OsUOA
_dUA-OsUOA
245 _aМеханізми монетарного регулювання вартості запозичень
300 _aС.116
955 _a0
041 _aukr
080 _a330(477)
773 0 _w96391
_tФінанси України
_dК.
_d2012
_g9
650 7 _a330 Економіка взагалі
_2UDC
999 _c382676
_d382676